00365nam a2200133Ia 4500008004100000020001800041041001200059100001900071245006800090260003300158300000800191650001600199700001600215221030s9999 xx 000 0 und d a9789354248481 aEnglish aM. T. Goodrich 0aDesign & Analysis of Algorithmscby M. T. Goodrich, R. Tamassia bWilley Pub.aNew Delhic2021 a602 aBE Computer aR. Tamassia